Origem do Condado de Portugal (Record no. 152275)

MARC details
000 -LEADER
campo de control de longitud fija 00933nam a2200229 i 4500
001 - NÚMERO DE CONTROL
campo de control 152275
003 - IDENTIFICADOR DE NÚMERO DE CONTROL
campo de control ES-MaACL
005 - FECHA Y HORA DE LA ÚLTIMA TRANSACCIÓN
campo de control 20230906204622.0
008 - DATOS DE LONGITUD FIJA--INFORMACIÓN GENERAL
campo de control de longitud fija 991104s1887 po |||| | por d
040 ## - FUENTE DE CATALOGACIÓN
Centro catalogador/agencia de origen CCPB | B
Lengua de catalogación spa
Centro/agencia transcriptor CCPB | B
100 1# - ENTRADA PRINCIPAL--NOMBRE DE PERSONA
Nombre de persona Bocage, Carlos Roma du.
9 (RLIN) 126028
245 10 - MENCIÓN DEL TÍTULO
Título Origem do Condado de Portugal
Resto del título : memoria apresentada á Academia Real das Sciencias de Lisboa /
Mención de responsabilidad, etc. por Carlos Roma du Bocage e Nicolas de Goyri.
260 ## - PUBLICACIÓN, DISTRIBUCIÓN, ETC.
Lugar de publicación, distribución, etc. Lisboa :
Nombre del editor, distribuidor, etc. [s.n.],
Fecha de publicación, distribución, etc. 1887 (
Fabricante Typ. da Academia Real das Sciencias)
300 ## - DESCRIPCIÓN FÍSICA
Extensión 57 p. ;
Dimensiones 29 cm.
490 1# - MENCIÓN DE SERIE
Mención de serie Estudos de historia patria
651 #4 - PUNTO DE ACCESO ADICIONAL DE MATERIA--NOMBRE GEOGRÁFICO
Nombre geográfico Portugal-
Subdivisión general Historia-
Subdivisión cronológica 711-1500.
9 (RLIN) 163418
700 1# - ENTRADA AGREGADA--NOMBRE PERSONAL
Nombre de persona Goyri, Nicolás de.
9 (RLIN) 127510
710 2# - ENTRADA AGREGADA--NOMBRE DE ENTIDAD CORPORATIVA
Nombre de entidad corporativa o nombre de jurisdicción como elemento de entrada Academia das Ciências de Lisboa.
9 (RLIN) 1159
830 0# - PUNTO DE ACCESO ADICIONAL DE SERIE-TÍTULO UNIFORME
Título uniforme Estudos de historia patria
9 (RLIN) 221312
852 ## - LOCALIZACIÓN
Ubicación ES-MaACL
Número de control de estantería T-744-F-1
Nota libre - Enc. hol., conservando la cub. original
-- - Enc. en un vol. facticio
Holdings
Estatus retirado Estado de pérdida Estado de daño No para préstamo Colección Biblioteca de origen Biblioteca actual Ubicación en estantería Fecha de adquisición Total de préstamos Signatura topográfica completa Código de barras Visto por última vez Precio de reemplazo Tipo de ítem Koha
        Colección de folletos Biblioteca del Ateneo de Madrid Biblioteca del Ateneo de Madrid Depósito folletos 17/01/2008   T-744-F-1 1158986 23/02/2023 23/02/2023 Folleto